书目信息 |
| 题名: |
全能运动
|
|
| 作者: | 关冈康雄 , 尾县贡 著 ;李鸿江等译审 | |
| 分册: | ||
| 出版信息: | 北京 人民体育出版社 2001 |
|
| 页数: | 114页 | |
| 开本: | 19cm | |
| 丛书名: | 青少年田径技术训练丛书 | |
| 单 册: | ||
| 中图分类: | G825 | |
| 科图分类: | ||
| 主题词: | 田径运动 | |
| 电子资源: | ||
| ISBN: | 7-5009-2133-0 | |
| 000 | 00883nam2 2200253 45 | |
| 001 | 0404160821 | |
| 005 | 20040416090456.7 | |
| 010 | @a7-5009-2133-0@dCNY8.00 | |
| 100 | @a20040416d2001 km y0chiy0120 ea | |
| 101 | 0 | @achi@cjpn |
| 105 | @aa z 000yy | |
| 200 | 1 | @a全能运动@AQuan Neng Yun Dong@f(日)关冈康雄,尾县贡著@F(Ri)Guan Gang Kang Xiong,Wei Xian Gong Zhu@g李鸿江等译审 |
| 210 | @a北京@c人民体育出版社@d2001 | |
| 215 | @a114页@c插图@d19cm | |
| 225 | @a青少年田径技术训练丛书@f(日)帖佐宽章,佐佐木秀幸主编 | |
| 410 | @12001 @a青少年田径技术训练丛书 | |
| 410 | @1700 0@a佐佐木秀幸@AZuo Zuo Mu Xiu Xing@4主编@a帖佐宽章@ATie Zuo Kuan Zhang@4主编 | |
| 606 | 0 | @a田径运动 |
| 690 | @aG825@v4 | |
| 701 | 0 | @a关冈康雄@4著 |
| 701 | 0 | @a尾县贡@4著 |
| 702 | 0 | @a李鸿江等译审@ALi Hong Jiang Deng Yi Shen |
| 801 | @aCN@bTSTC@c20040416 | |
| 905 | @b331555-561@dG825@e52@f7 | |
| 全能运动/(日)关冈康雄,尾县贡著/李鸿江等译审.-北京:人民体育出版社,2001 |
| 114页:插图;19cm.-(青少年田径技术训练丛书/(日)帖佐宽章,佐佐木秀幸主编) |
| ISBN 7-5009-2133-0:CNY8.00 |
| ● |
| 相关链接 |
|
|
|
|
正题名:全能运动
索取号:G825/52
 
预约/预借
| 序号 | 登录号 | 条形码 | 馆藏地/架位号 | 状态 | 备注 |
| 1 | 0331555 | 203315554 | 第四借阅区/ [索取号:G825/52] | 在馆 | |
| 2 | 0331556 | 203315563 | 第四借阅区/ [索取号:G825/52] | 在馆 | |
| 3 | 0331557 | 203315572 | 第四借阅区/ [索取号:G825/52] | 在馆 | |
| 4 | 0331558 | 203315581 | 第四借阅区/ [索取号:G825/52] | 在馆 | |
| 5 | 0331559 | 203315590 | 第四借阅区/ [索取号:G825/52] | 在馆 | |
| 6 | 0331560 | 203315607 | 第四借阅区/ [索取号:G825/52] | 在馆 | |
| 7 | 0331561 | 203315616 | 第一样本阅览室/ [索取号:G825/52] | 在馆 |